| 000 | 00406nam a2200157Ia 4500 | ||
|---|---|---|---|
| 008 | 160316s1992 xxu||||| |||| 00| 0 eng d | ||
| 082 |
_a343.071000 _bSHA |
||
| 100 | _aShah R.J. | ||
| 245 | _aHousing: Getting into a trap, July 1992 | ||
| 250 | _a | ||
| 260 |
_aAhmedabad _bConsumer Education & Research Centre _c1992 |
||
| 300 |
_a84 _b _c |
||
| 365 | _b | ||
| 650 | _aHousing, Case study | ||
| 700 |
_a _a |
||
| 999 |
_c31799 _d31799 |
||